000 00267nam a22001097a 4500
082 _a332.1
100 _aState Bank of Pakistan
245 _aAnnual Report 2005-2006 Volume- II
_cState Bank of Pakistan
300 _avarious paging
563 _aPB
942 _2ddc
_cBK
999 _c588753
_d588753